Регионална библиотека "Любен Каравелов" - Русе

Стръв (Запис номер 206941)

MARC детайли
000 -Лидер
Контролно поле с фиксирана дължина 01354cam a2200361 a 4500
003 - Код на организацията, давaща контролен номер
Контролно поле BLK
005 - Дата и час на последна редакция
Контролно поле 20241008171500.0
008 - Елементи от данни с фиксирана дължина
fixed length control field 180411b bul|||||r ||||||| ||bul||
010 ## - Наследен системен номер
LC control number KNG00216692000
020 ## - Международен стандартен номер на книга ISBN
Международен стандартен номер на книга ISBN 978-954-311-152-7
040 ## - Източник на каталожния запис
Идентификатор на билиотеката - собственик на записа BLK
041 ## - Код за език
Код за езика на текст/звукозапис или на отделно заглавие Български
Код за езика КДБФ Български
072 ## - Код за тематичната категория
9 (RLIN) 178275
Код за тематична категория Н83
Текст Чужда художествена литература Н
080 ## - УДК
Текстов определител УДК Норвежка литература
УДК код - определител по УДК 821.113.5
УДК определител -31
УДК - код + определител 821.113.5-31
100 1# - Редна дума - Автор
Автор Кристенсен, Ларш Собю
Авторска отговорност първи автор
R(LIN) 294143
139 ## - Редно поле
Редна дума Кристенсен, Ларш Собю
Авторски знак Кре - К 90
245 10 - Сведения за заглавието
Заглавие Стръв
Редно поле (дума) Ларш Собю Кристенсен; прев. от норв. Анюта Качева.
257 ## - Страна на издаване
Страна на създаване/издаване България
260 ## - Област на издателските данни
Година на издаване 2016
9 (RLIN) 209472
Място на издаване, разпространение и проч. София
Име на издателя, разпространителя и проч. Весела Люцканова
Печатница Хасково : Полиграфюг
300 ## - Физическа характеристика
Страници 432 с.
Размери/Мащаб 20 см
380 ## - Жанр
Жанр Худож. лит.
500 ## - Общи забележки
Забележка Ориг. загл.: Sluk / Lars Saabye Christensen
700 1# - Други автори (авторска отговорност)
Лично име Качева, Анюта Бойкова
Автороска отговорност (Описва отношението между автора и произведението) прев. от норв.
9 (RLIN) 77863
765 ## - Описание на заглавието на оригиналният език
Редна дума на основното описание Sluk / Lars Saabye Christensen
852 ## - Местоположение
Форматна сигнатура Цб 289277
856 4# - Електронен адрес и достъп
Електронен формат pdf - файл
856 4# - Електронен адрес и достъп
Електронен формат pdf - файл
999 ## - СИСТЕМНИ КОНТРОЛНИ НОМЕРА
Koha biblionumber 206941
Koha biblioitemnumber 206941
942 ## - АРТИКУЛИ
Вид на библиотечния материал Книги
Скрит в OPAC Не
Периодичен библиозапис Да
Koha issues (borrowed), all copies 6
944 ## - СЪЗДАВАНЕ И РЕДАКЦИЯ на ЗАПИСА
Създаване/Редакция Създаване
Дата на регистрацията/редакция 08.03.2018
Служител, извършил регистрацията/редакцията 30575
Статус, дата на статуса Мартин Енчев
944 ## - СЪЗДАВАНЕ И РЕДАКЦИЯ на ЗАПИСА
Създаване/Редакция Редакция
Дата на регистрацията/редакция 2018-06-06
Служител, извършил регистрацията/редакцията ГГГ
999 ## - СИСТЕМНИ КОНТРОЛНИ НОМЕРА
Koha biblioitemnumber 206941
999 ## - СИСТЕМНИ КОНТРОЛНИ НОМЕРА
Koha biblioitemnumber 206941
Наличности
Код за отписване Код за изгубен артикул Източник на класификационната схема Код за повреда Коз за рестрикции Код за отдаване Артикулен № Име на библиотеката - собственик Име на библиотеката, в която се намира в момента Статус (Текущо местоположение) Дата на вписване в системата Местоположение - отдел Цена в лева Инвентарен номер Систематично азбучна сигнатура Баркод Номер на екземпляра Цена в евро Служебна бележка Служебен тип на артикула
  Не е изгубен Universal Decimal Classification Не е повреден само за читалня ползва се в читалня 356762 Регионална библиотека "Любен Каравелов" Русе Регионална библиотека "Любен Каравелов" Русе Хранилище 2018-03-01 Хранилище 16.00 120000819941 Цб 289277 120000819941 1 8.18 Дост: Dp Вид: Д N: 3 Дата: 10.02.2018 Книги
  Не е изгубен Universal Decimal Classification Не е повреден без рестрикции заемане за дома 901555 Регионална библиотека "Любен Каравелов" Русе Регионална библиотека "Любен Каравелов" Русе Количка 2022-08-24 Заемна - подръчен фонд 12.80   821-31/К 90 Л 120000874465   6.54   Книги
Vip Innovations Ltd, Rousse, Bulgaria 2025